| 000 | 00484nam a22001817a 4500 | ||
|---|---|---|---|
| 005 | 20260530150852.0 | ||
| 008 | 260530b |||||||| |||| 00| 0 eng d | ||
| 020 |
_a9783110626964 _c3169.11 |
||
| 040 | _aMAIN | ||
| 041 | _aGerman | ||
| 082 |
_a901 _bTIM |
||
| 100 |
_aTim, Rojek _926951 |
||
| 245 |
_aHegels Begriff der Weltgeschichte _b: Eine wissenschaftstheoretische Studie |
||
| 260 |
_aBerlin _bDe Gruyter _c2018 |
||
| 300 | _a310 | ||
| 650 | _aGerman Language | ||
| 942 | _cBK | ||
| 999 |
_c60929 _d60929 |
||